Guy De Maupassant Teatro

Tallennettuna:
Bibliografiset tiedot
Päätekijä: Lucis Carzedda E Nino Frank
Aineistotyyppi: Kirja
Kieli:määrittelemätön
Tagit: Lisää tagi
Ei tageja, Lisää ensimmäinen tagi!

MARC

LEADER 00000nam a2200000Ia 4500
001 R-336
003 CODICE-MESSINA
005 20260212102450.0
008 260211s9999 xx 000 0 und d
040 |c importazione_messina 
100 |a Lucis Carzedda E Nino Frank 
245 0 |a Guy De Maupassant 
245 0 |b Teatro 
942 |2 ddc  |c BK 
952 |0 0  |1 0  |2 ddc  |4 0  |6 SCAFFALE_4_000000000000000__LETTERATURA  |7 0  |9 31158  |a ME  |b ME  |d 2026-02-11  |l 0  |o SCAFFALE 4 - LETTERATURA  |p R-336  |r 2026-02-11 23:52:22  |w 2026-02-11  |x [REVISIONARE]  |y BK 
999 |c 26820  |d 26820